Introducción a los mercados de futuros y opciones / (Registro nro. 8030)
[ vista simple ]
| 000 -LEADER | |
|---|---|
| fixed length control field | 02690nam a2200313Ia 4500 |
| 003 - CONTROL NUMBER IDENTIFIER | |
| control field | OSt |
| 005 - DATE AND TIME OF LATEST TRANSACTION | |
| control field | 20210813085639.0 |
| 008 - FIXED-LENGTH DATA ELEMENTS--GENERAL INFORMATION | |
| fixed length control field | 210310s2014 mx ad fr 001 0 spa d |
| 020 ## - INTERNATIONAL STANDARD BOOK NUMBER | |
| International Standard Book Number | 9786073222693 |
| 040 ## - CATALOGING SOURCE | |
| Original cataloging agency | CO-JMCR |
| Transcribing agency | CO-JMCR |
| 041 1# - LANGUAGE CODE | |
| Language code of text/sound track or separate title | spa |
| Language code of original | eng |
| 082 04 - DEWEY DECIMAL CLASSIFICATION NUMBER | |
| Classification number | 332.64 / |
| Item number | H913i2 |
| Edition number | 23 |
| 100 1# - MAIN ENTRY--PERSONAL NAME | |
| Personal name | Hull, John, |
| 9 (RLIN) | 16134 |
| Relator term | autor |
| 245 10 - TITLE STATEMENT | |
| Title | Introducción a los mercados de futuros y opciones / |
| Statement of responsibility, etc. | John Hull ; traducción, Jaime Gómez-Mont Araiza ; revisión técnica, Arturo Morales Castro, José Antonio Morales Castro |
| 250 ## - EDITION STATEMENT | |
| Edition statement | Octava edición |
| 260 ## - PUBLICATION, DISTRIBUTION, ETC. | |
| Place of publication, distribution, etc. | México : |
| Name of publisher, distributor, etc. | Pearson, |
| Date of publication, distribution, etc. | 2014 |
| 300 ## - PHYSICAL DESCRIPTION | |
| Extent | xvi, 607 páginas : |
| Other physical details | ilustraciones y gráficas a blanco y negro ; |
| Dimensions | 26 cm. + |
| Accompanying material | 1 CD-Rom. |
| 500 ## - GENERAL NOTE | |
| General note | Incluye notas a pie de página, glosario e índice analítico.<br/>Título original: Fundamentals of futures and options |
| 505 0# - FORMATTED CONTENTS NOTE | |
| Formatted contents note | Mecánica de los mercados de frutos -- Estrategias de cobertura de riesgos mediante los mercados de futuros -- Tasas de interés -- Determinación de los precios a plazo y a futuro -- Futuro de las tasas de interés -- Swaps -- La titulización y la crisis de crédito de 2007 -- Mecánica de los mercados de opciones -- Propiedades de las opciones sobre acciones -- Estrategias de negociación relacionadas con opciones -- Introducción a los árboles binomiales -- Valuación de opciones sobre acciones: El modelo Black, Scholes y Merton -- Opciones sobre acciones para empleados -- Opciones sobre índices bursátiles y divisas -- Opciones sobre futuros -- Las letras griegas -- Los árboles binomiales en la práctica -- Sonrisa de la volatilidad -- Valor en riesgo -- Opciones sobre tasas de interés -- Opciones exóticas y otros productos no estándar -- Instrumentos financieros derivados de crédito -- Instrumentos financieros derivados sobre clima, energía y seguros -- Infortunios de los instrumentos financieros derivados y lo que podemos aprender de ellos |
| 520 3# - SUMMARY, ETC. | |
| Summary, etc. | El reconocido libro Introducción a los mercados de futuros y opciones presenta una visión general, accesible y amigable sobre el tema, ya que no requiere utilizar cálculo. Al presentar una amplia variedad e ejemplos numéricos y de situaciones de la vida real, el texto guía eficazmente al lector a través del material, al tiempo que ayuda a prepararse para el mundo laboral. |
| 546 ## - LANGUAGE NOTE | |
| Language note | Traducido del inglés. |
| 650 14 - SUBJECT ADDED ENTRY--TOPICAL TERM | |
| Topical term or geographic name entry element | Opciones (Finanzas) |
| 9 (RLIN) | 16136 |
| 650 24 - SUBJECT ADDED ENTRY--TOPICAL TERM | |
| Topical term or geographic name entry element | Mercado de futuros |
| 9 (RLIN) | 38469 |
| 650 24 - SUBJECT ADDED ENTRY--TOPICAL TERM | |
| Topical term or geographic name entry element | Derivados financieros |
| 9 (RLIN) | 38470 |
| 700 1# - ADDED ENTRY--PERSONAL NAME | |
| Personal name | Gómez-Mont Araiza, Jaime, |
| Relator term | traductor |
| 9 (RLIN) | 12671 |
| 700 1# - ADDED ENTRY--PERSONAL NAME | |
| Personal name | Morales Castro, Arturo, |
| Relator term | revisor |
| 9 (RLIN) | 38471 |
| 700 1# - ADDED ENTRY--PERSONAL NAME | |
| Personal name | Morales Castro, José Antonio, |
| Relator term | revisor |
| 9 (RLIN) | 38472 |
| 942 ## - ADDED ENTRY ELEMENTS (KOHA) | |
| Source of classification or shelving scheme | Dewey Decimal Classification |
| Koha item type | Books |
| Withdrawn status | Lost status | Source of classification or shelving scheme | Damaged status | Not for loan | Collection code | Home library | Current library | Date acquired | Source of acquisition | Full call number | Barcode | Date last seen | Copy number | Koha item type | Price effective from | Shelving location |
|---|---|---|---|---|---|---|---|---|---|---|---|---|---|---|---|---|
| Dewey Decimal Classification | Non-fiction | Biblioteca Pública José María del Castillo y Rada | Biblioteca Pública José María del Castillo y Rada | 04/15/2018 | Donación | 332.64 / H913i2 | 430005324 | 05/16/2024 | Ej.1 | Books | ||||||
| Dewey Decimal Classification | Non-fiction | Biblioteca Pública José María del Castillo y Rada | Biblioteca Pública José María del Castillo y Rada | 04/15/2018 | Donación | 332.64 / H913i2 | 430005325 | 05/16/2024 | Ej.2 | Books | 07/15/2021 | |||||
| Dewey Decimal Classification | Non-fiction | Biblioteca Pública José María del Castillo y Rada | Biblioteca Pública José María del Castillo y Rada | 04/15/2018 | Donación | 332.64 / H913i2 | 201811100 | 07/15/2021 | Ej.1 | Books | 07/15/2021 | Audio Visual | ||||
| Dewey Decimal Classification | Non-fiction | Biblioteca Pública José María del Castillo y Rada | Biblioteca Pública José María del Castillo y Rada | 04/15/2018 | Donación | 332.64 / H913i2 | 201811081 | 07/15/2021 | Ej.2 | Books | 07/15/2021 | Audio Visual |